000 00315 a2200145 4500
001 61603
020 _a
040 _cAnchieta - Pituba
240 1 0 _aHistória das Civilizações
_lpor
245 1 0 _aHistória das Civilizações
300 _a280
362 0 _a1973
650 4 _aHistória do mundo
942 _cBK
999 _c61603
_d61603